Chemical vapour deposition synthesis of novel nanostructured materials /
محفوظ في:
| المؤلف الرئيسي: | |
|---|---|
| التنسيق: | أطروحة كتاب |
| اللغة: | English |
| منشور في: |
2012.
|
| الموضوعات: | |
| الوسوم: |
إضافة وسم
لا توجد وسوم, كن أول من يضع وسما على هذه التسجيلة!
|
| LEADER | 01061cam a2200277 a 4500 | ||
|---|---|---|---|
| 001 | u867190 | ||
| 003 | SIRSI | ||
| 005 | 201210191533 | ||
| 008 | 121019s2012 at v 000 0 eng m | ||
| 040 | |a UMM | ||
| 090 | |a QC176.8 |b N35Azzs | ||
| 100 | 0 | |a Azzuliani Supangat. | |
| 245 | 1 | 0 | |a Chemical vapour deposition synthesis of novel nanostructured materials / |c Azzuliani Supangat. |
| 260 | |c 2012. | ||
| 270 | |g Azzuliani binti Supangat. Jabatan Fizik, Fakulti Sains, Universiti Malaya. E-mail: azzuliani@um.edu.my | ||
| 300 | |a xx, 215 leaves : |b ill. ; |c 30 cm. | ||
| 502 | |a Thesis (Ph.D) -- University of Newcastle, Australia, 2012. | ||
| 504 | |a Bibliography: leaves 200-215. | ||
| 650 | 0 | |a Nanostructures |x Synthesis. | |
| 650 | 0 | |a Nanostructured materials |x Properties. | |
| 650 | 0 | |a Nanostructured materials |x Synthesis. | |
| 650 | 0 | |a Chemical vapor deposition. | |
| 710 | 2 | |a University of Newcastle. | |
| 900 | |a ZA | ||
| 596 | |a 1 | ||
| 999 | |a QC176.8 N35AZZS |w LC |c 1 |i A515368492 |d 27/2/2016 |e 27/2/2016 |f 22/12/2014 |g 1 |l STACKS |m P01UTAMA |n 1 |r Y |s Y |t TESIS |u 12/12/2014 | ||
